Basics of remote sensing and GIS (Record no. 25694)

MARC details
000 -LEADER
fixed length control field 00443nam a22001697a 4500
003 - CONTROL NUMBER IDENTIFIER
control field OSt
005 - DATE AND TIME OF LATEST TRANSACTION
control field 20220103093450.0
008 - FIXED-LENGTH DATA ELEMENTS--GENERAL INFORMATION
fixed length control field 220103b |||||||| |||| 00| 0 eng d
020 ## - INTERNATIONAL STANDARD BOOK NUMBER
International Standard Book Number 9788131805442
040 ## - CATALOGING SOURCE
Transcribing agency HU
082 ## - DEWEY DECIMAL CLASSIFICATION NUMBER
Classification number 910.285
100 ## - MAIN ENTRY--PERSONAL NAME
Personal name Kumar Dr. S
9 (RLIN) 26752
245 ## - TITLE STATEMENT
Title Basics of remote sensing and GIS
Statement of responsibility, etc. Kumar Dr. S
260 ## - PUBLICATION, DISTRIBUTION, ETC.
Place of publication, distribution, etc. BOSTON
Name of publisher, distributor, etc. UNIVERSITY SCIENCE PRESS
Date of publication, distribution, etc. 2013
300 ## - PHYSICAL DESCRIPTION
Extent iii,140 p
Other physical details pc
Accompanying material 22
942 ## - ADDED ENTRY ELEMENTS (KOHA)
Source of classification or shelving scheme Dewey Decimal Classification
Koha item type Books like text book referance book
Suppress in OPAC No
Holdings
Withdrawn status Lost status Source of classification or shelving scheme Damaged status Not for loan Collection code Home library Current library Shelving location Date acquired Total Checkouts Full call number Barcode Date last seen Copy number Price effective from Koha item type
    Dewey Decimal Classification     Reference Wondo Genet Library Wondo Genet Library General Stacks 01/03/2022   910.285 KUM 2013 WGCFNRL00009965 01/03/2022 1 01/03/2022 Books like text book referance book
    Dewey Decimal Classification     Reference Wondo Genet Library Wondo Genet Library General Stacks 03/25/2022   910.285 KUM 2013 WGCFNRL00014820 03/25/2022 2 03/25/2022 Books like text book referance book
    Dewey Decimal Classification     Reference Wondo Genet Library Wondo Genet Library General Stacks 03/25/2022   910.285 KUM 2013 WGCFNRL00014821 03/25/2022 3 03/25/2022 Books like text book referance book
    Dewey Decimal Classification     Reference Wondo Genet Library Wondo Genet Library General Stacks 03/25/2022   910.285 KUM 2013 WGCFNRL00014822 03/25/2022 4 03/25/2022 Books like text book referance book